| 000 | 00991camaa2200337Mi 4500 | ||
|---|---|---|---|
| 001 | 93393 | ||
| 005 | 20230410132921.0 | ||
| 008 | 900725c19779999sp 001 0 spa d | ||
| 035 | _a(OCoLC)ocn432330362 | ||
| 040 |
_aBNM _bspa _cBNM |
||
| 016 | 7 |
_abimoBNE19982862301 _2SpMaBN |
|
| 017 | _aM 9488-1980 | ||
| 020 | _a8424935438 | ||
| 020 | _a9788424935436 | ||
| 035 | _a(OCoLC)432330362 | ||
| 041 | 1 |
_aspa _hlat |
|
| 050 | 1 | 4 |
_aB 171 _bB582 1977 |
| 100 | 0 | _aIsócrates. | |
| 130 | 1 | _aBiblioteca Clásica Gredos. | |
| 245 | 1 | 0 |
_aDiscursos II / _cIsócrates ; traducción, introducciones y notas de Juan Manuel Guzmán Hermida. |
| 260 |
_aMadrid : _bGredos, _c1977 |
||
| 300 |
_a318 p. _c20 cm. |
||
| 440 | 0 |
_aBiblioteca clásica Gredos ; _vn.29 |
|
| 650 | 0 | _aPhilosophy, Classical. | |
| 650 | 0 | _aPhilosophy, Ancient. | |
| 650 | 0 |
_aPhilosophers, Ancient _xBiography |
|
| 700 | 1 | _aGuzmán Hermida, Juan Manuel. | |
| 942 |
_2lcc _cbk |
||
| 946 | _amjcruz | ||
| 994 |
_aC0 _bDRFGD |
||
| 999 |
_c90161 _d90161 |
||